00618nam a2200169 4500001000700000003000900007005001700016007000300033008004100036100002800077245021100105250001200316260003400328300002200362700003200384852003200416138480ES-MaACL20230906195555.0t|070214s1985 sp r ||||1| spa d1 aSan Martín, Hernán.13aLa crisis mundial de la salud b: problemas actuales de planificación, organización y gestión de los servicios de salud / cHernán San Martín ; con la participación de José Sarabia Alvarezude. a2ª ed. aMadrid : bCiencia 3, c1985. a784 p. ; c21 cm.1 aSarabia Alvarezude, José. aES-MaACLjG-1215 bR.112897